000
00216nam a2200085Ia 4500
008
120527s9999 xx 000 0 und d
100
_a
Mcconnell, R
245
_a
Economics principles, problems and policies
942
_c
BK
999
_c
26885
_d
26885